Gemstones of the Months - Statistics

General Stats
  • This quiz has been taken 69 times
  • The average score is 11 of 12
Answer Stats
Gemstone Month % Correct
Diamond April
97%
Pearl June
97%
Garnet January
95%
Aquamarine March
95%
Emerald May
95%
Sapphire September
95%
Turquoise December
92%
Ruby July
92%
Topaz November
91%
Opal October
91%
Peridot August
89%
Amethyst February
89%
No matching quizzes found
Score Distribution
Percent of People with Each Score
Percentile by Number Answered
Your Score History
You have not taken this quiz